00365nam a2200145Ia 4500008004100000020001500041041001200056100001500068245004900083250000800132260003900140300000800179650001400187700001800201221030s9999 xx 000 0 und d a8131794746 aEnglish aM. M. Mano 0aDigital Designcby M. M. Mano, M. D. Ciletti a5th bPearson EdcuationaNew Delhic2014 a678 aComputers aM. D. Ciletti